02107cam a22005294i 4500003000900000005001700009008004100026020001500067035002700082040003300109049000900142082001900151100002800170245009600198264007300294300003800367336002100405337002500426338002300451505018200474526001000656526001000666526000900676526000900685526000900694526000900703526000900712526000900721526000900730526000800739526000800747526000800755526000800763526000800771650003600779700002300815700003500838700003800873910001800911942001400929949019700943994001401140596000601154999022201160980005501382952014001437PE-LiUPU20250731165619.0150616s r 000 0 d a0802881114 a(Sirsi) i9780802881113 aPE-LiUPUbspacPE-LiUPUerda aPRUA04a281.4bS312211 aSchaff, Philip,eautor.10aNicene and Post-Nicene Fathers of The Christian Church.n13:1 /cEditado por Philip Schaff. 1aGrand Rapids, Michigan :bWM. B. Eerdmans Publishing Company,c1979. a592 páginas ;c25 centímetros atext2rdacontent aunmediated2rdamedia avolume2rdacarrier0 aHomilies on the epistles of the St. Paul the apostle to the Galatians and Ephesians.- Homilies on the epistles of St. Paul the apostle to apostle to Timothy, Titus and Philemon. aSEG44 aSEG26 aP151 aP150 aP149 aP146 aP145 aP126 aP125 aP92 aP75 aP74 aP27 aP1504aLiteratura cristiana primitiva.1 aAgustín,cSanto.1 aJuan Crisóstomod,cSan,d4071 aSchaff, Felipe1819-1893,eeditor. ajckbjvqcjck 2ddccBOOK aRC 281.4 S31 13:1wDEWEYc1i20463lCCODEBUL1mBULr0sYtBOOKu2015-6-16xTEOLOGIAzUNKNOWN0COMPRAo.CIRCNOTE. No olvidar cambiar la fecha de devolución!!!!!!!o.STAFF. Colección General aC0bPEPRU a1 aRC 281.4 S31 13:1wDEWEYc57156i20463f2021-11-8g6lCCODEBUL1mBULr1sYtBOOKu2015-6-16xTEOLOGIAzUNKNOWN0COMPRAo.CIRCNOTE. No olvidar cambiar la fecha de devolución!!!!!!!o.STAFF. Colección Generald57156 81gALBERTO SANCHEZ Responsable de Automatización r2025-12-02 00:00:00i7l0oRC 281.4 S31 13:1p20463te1w2015-06-16xFTyREF102ddc50718REFfP35aBULbBULcREFd2015-06-16eCOMPRA